[Event "9 ème open de Salon de Provence - A"]
[Site "Salon de Provence"]
[Date "2017.07.07"]
[Round "5.12"]
[White "Faure, Alexandre"]
[Black "Versporten, Wim"]
[Result "1/2-1/2"]
[WhiteElo "2027"]
[BlackElo "2019"]
[PlyCount "109"]
[EventDate "2017.??.??"]
[WhiteTeam "Salon Nostradamus"]

1. e4 d5 2. exd5 Qxd5 3. Nc3 Qd8 4. d4 Nf6 5. h3 c6 6. Nf3 Bf5 7. Bd3 Bxd3 8.
Qxd3 e6 9. Bf4 Bd6 10. Ne5 Qc7 11. O-O O-O 12. Rfe1 Nd5 13. Bh2 Nxc3 14. Qxc3
Nd7 15. Rad1 Nxe5 16. dxe5 Be7 17. Re4 Rfd8 18. Red4 Rxd4 19. Rxd4 Rd8 20. Bf4
a6 21. Rxd8+ Qxd8 22. Qd2 Qxd2 23. Bxd2 Bc5 24. Bc3 Kf8 25. Kf1 Ke8 26. Ke2 Kd7
27. f4 Be7 28. Kd3 c5 29. a4 Kc6 30. Ke4 b5 31. b3 g5 32. g3 gxf4 33. gxf4 Bh4
34. Bd2 c4 35. axb5+ Kxb5 36. b4 c3 37. Bxc3 Be7 38. Kd3 Bxb4 39. Bb2 a5 40.
c4+ Kc6 41. Bd4 a4 42. Bc3 Bc5 43. Bd2 Bf2 44. Bb4 Bg3 45. Ke3 Bh4 46. Kd3 Bf2
47. Ba3 Bc5 48. Bc1 Bb4 49. Be3 Be7 50. Bf2 Bc5 51. Be1 Bf8 52. Bf2 Bg7 53. Kc3
Bf8 54. Be3 Bc5 55. Bc1 1/2-1/2

[Event "9 ème open de Salon de Provence - A"]
[Site "Salon de Provence"]
[Date "2017.07.07"]
[Round "5.13"]
[White "Jackson, Edgar"]
[Black "Grego, Pierre"]
[Result "1/2-1/2"]
[WhiteElo "1703"]
[BlackElo "1878"]
[PlyCount "114"]
[EventDate "2017.??.??"]
[WhiteTeam "Echiquier Montois"]
[BlackTeam "Echiquier Saint Franciscain"]

1. d4 Nf6 2. Bg5 e6 3. e4 h6 4. Bxf6 Qxf6 5. Nf3 g6 6. Bd3 d6 7. O-O Bg7 8. c3
O-O 9. e5 Qe7 10. Nbd2 Nd7 11. Nc4 b6 12. Qd2 Bb7 13. exd6 cxd6 14. Qf4 Ba6 15.
Rad1 d5 16. Nce5 Bxd3 17. Rxd3 Nf6 18. Re1 Rfc8 19. Qc1 Qe8 20. Qb1 Qb5 21. Nh4
g5 22. Nhf3 Rc7 23. g4 Rac8 24. h4 gxh4 25. Nxh4 Nh7 26. f4 Qe8 27. Rg3 Qd8 28.
Nhf3 Nf8 29. g5 hxg5 30. fxg5 f5 31. Kg2 Qe8 32. Qd3 b5 33. a3 a5 34. Re2 Rb8
35. Rh3 b4 36. g6 Nxg6 37. Nxg6 Qxg6+ 38. Rg3 Qe8 39. Qa6 Re7 40. Qxa5 bxc3 41.
Qxc3 Qb5 42. Qd2 Kf8 43. Nh4 Kf7 44. Ng6 Ree8 45. Ne5+ Bxe5 46. dxe5 Rg8 47.
Rxg8 Rxg8+ 48. Kf3 Qc4 49. Qf4 Qb3+ 50. Qe3 Qb7 51. Kf2 Rg4 52. b4 d4 53. Qf3
Qb6 54. Qd3 Qc6 55. Qf3 Qc1 56. Re1 Qd2+ 57. Re2 Qd1 1/2-1/2

[Event "9 ème open de Salon de Provence - A"]
[Site "Salon de Provence"]
[Date "2017.07.07"]
[Round "5.14"]
[White "Lauret, Patrick"]
[Black "Bartolomei, Romain"]
[Result "1-0"]
[WhiteElo "1777"]
[BlackElo "1720"]
[PlyCount "57"]
[EventDate "2017.??.??"]
[WhiteTeam "Club d'Echecs de Meyreuil"]
[BlackTeam "Marseille Passion Echecs"]

1. e4 c6 2. d4 d5 3. e5 Bf5 4. h4 h5 5. Ne2 e6 6. Ng3 Bg4 7. f3 Bf5 8. Nxf5
exf5 9. Bd3 g6 10. c3 Bg7 11. Nd2 f6 12. f4 Nh6 13. c4 dxc4 14. Nxc4 O-O 15.
Nd6 Ng4 16. Qb3+ Kh7 17. Qxb7 fxe5 18. fxe5 Nxe5 19. dxe5 Qa5+ 20. Kd1 Qxe5 21.
Nf7 Qd4 22. Ng5+ Kh8 23. Kc2 Qa4+ 24. Qb3 Qg4 25. Qe6 Bf6 26. Nf7+ Kh7 27. Qxf6
Qxg2+ 28. Bd2 Nd7 29. Ng5+ 1-0

[Event "9 ème open de Salon de Provence - A"]
[Site "Salon de Provence"]
[Date "2017.07.07"]
[Round "2.1"]
[White "Wurtz, Guillaume"]
[Black "Gozzoli, Yannick"]
[Result "0-1"]
[WhiteElo "2014"]
[BlackElo "2587"]
[PlyCount "100"]
[EventDate "2017.??.??"]
[WhiteTeam "Bischwiller"]
[BlackTeam "Asnières - Le Grand Echiquier"]

1. e4 e5 2. Nf3 Nc6 3. d4 exd4 4. Nxd4 Nf6 5. Nxc6 bxc6 6. e5 Qe7 7. Qe2 Nd5 8.
c4 Nb6 9. Nc3 Ba6 10. b3 O-O-O 11. Bb2 Re8 12. O-O-O Qxe5 13. Qf3 Qa5 14. Kb1
Bb4 15. h4 Re7 16. Ne4 Rhe8 17. Ng3 g6 18. h5 Kb8 19. hxg6 fxg6 20. Rh4 Re1 21.
Re4 Rxd1+ 22. Qxd1 Rf8 23. f3 Bc8 24. Bd3 Qg5 25. Rg4 Qd8 26. Re4 Be7 27. Re2
d5 28. Qc2 Bf6 29. cxd5 cxd5 30. Qc6 Bxb2 31. Kxb2 Bb7 32. Qe6 Qh4 33. Qg4 Qf6+
34. Kb1 a5 35. Qe6 Qc3 36. Bb5 Qb4 37. Qe7 Nc8 38. Qxb4 axb4 39. Bd7 Rf7 40.
Bxc8 Bxc8 41. Kc2 c5 42. Re5 Bb7 43. Nh1 Kc7 44. Nf2 Bc6 45. Nd3 Kd6 46. Re1
Bb5 47. Nf2 Ra7 48. Kb2 c4 49. bxc4 Bxc4 50. Ra1 Re7 0-1

[Event "9 ème open de Salon de Provence - A"]
[Site "Salon de Provence"]
[Date "2017.07.07"]
[Round "2.2"]
[White "Petrosyan, Armen"]
[Black "Versporten, Wim"]
[Result "1-0"]
[WhiteElo "2431"]
[BlackElo "2019"]
[PlyCount "39"]
[EventDate "2017.??.??"]
[WhiteTeam "Marseille Passion Echecs"]

1. e4 d5 2. exd5 Qxd5 3. Nc3 Qd8 4. d4 Nf6 5. h3 c6 6. Nf3 Bf5 7. Bd3 Bg6 8.
Bxg6 hxg6 9. Ne5 e6 10. Bg5 Be7 11. Qd3 Nbd7 12. f4 O-O 13. O-O-O Nd5 14. Bxe7
Qxe7 15. Nxd5 exd5 16. h4 Nf6 17. h5 gxh5 18. g4 hxg4 19. Nxg4 g6 20. Nh6+ 1-0

[Event "9 ème open de Salon de Provence - A"]
[Site "Salon de Provence"]
[Date "2017.07.07"]
[Round "2.3"]
[White "Adnan, Habib"]
[Black "Chakravarthi Reddy, M."]
[Result "1-0"]
[WhiteElo "2003"]
[BlackElo "2421"]
[PlyCount "123"]
[EventDate "2017.??.??"]

1. d4 d5 2. Bf4 Nf6 3. e3 c5 4. c3 Nc6 5. Nd2 e6 6. Ngf3 cxd4 7. exd4 Nh5 8.
Be3 Bd6 9. Ne5 g6 10. f4 O-O 11. Bd3 Ne7 12. g4 Ng7 13. g5 f6 14. gxf6 Rxf6 15.
Qg4 b5 16. h4 Nh5 17. Rg1 Kh8 18. Ke2 Qf8 19. Raf1 Nf5 20. Rf2 Nxe3 21. Kxe3
Bxe5 22. dxe5 Qc5+ 23. Ke2 Qxf2+ 24. Kxf2 Rxf4+ 25. Ke3 Rxg4 26. Rxg4 Bd7 27.
Kd4 Kg7 28. Kc5 Kf7 29. Kd6 Ke8 30. Kc7 Ke7 31. Nb3 Rf8 32. Nd4 a6 33. Nc6+
Bxc6 34. Kxc6 Nf4 35. Bf1 Nh5 36. Bd3 Rf3 37. Bb1 Nf4 38. Rg1 Rf2 39. b3 Rh2
40. Rg4 Ne2 41. c4 bxc4 42. bxc4 Nc3 43. Bd3 Rd2 44. Bf1 Rxa2 45. c5 a5 46. h5
Ne4 47. hxg6 hxg6 48. Bd3 Nf2 49. Rg2 g5 50. Bb5 g4 51. Kb6 g3 52. c6 Rc2 53.
Rxg3 Ne4 54. Rg7+ Kf8 55. Ra7 Nc3 56. Bd3 Na4+ 57. Kc7 Rc3 58. Bb5 Nc5 59. Kd6
Nb3 60. c7 Nd4 61. Ra8+ Kf7 62. Be8+ 1-0

[Event "9 ème open de Salon de Provence - A"]
[Site "Salon de Provence"]
[Date "2017.07.07"]
[Round "2.4"]
[White "Lamard, Guillaume"]
[Black "Jackson, Thomas"]
[Result "1-0"]
[WhiteElo "2365"]
[BlackElo "2007"]
[PlyCount "69"]
[EventDate "2017.??.??"]
[WhiteTeam "Cannes Echecs"]
[BlackTeam "Thomas Bourgneuf - Creteil"]

1. e4 c5 2. Nf3 e6 3. b3 Nf6 4. e5 Nd5 5. c4 Nc7 6. Bb2 b6 7. g3 Bb7 8. Bg2 Be7
9. O-O O-O 10. d4 cxd4 11. Nxd4 Bxg2 12. Kxg2 f6 13. exf6 Bxf6 14. Nc3 Nc6 15.
Nxc6 dxc6 16. Qe2 Qe7 17. Rad1 Rad8 18. Ne4 Bxb2 19. Qxb2 e5 20. Rxd8 Rxd8 21.
Re1 Rd4 22. Nd2 Rd3 23. Nf3 e4 24. Ne5 Rd6 25. Rxe4 Qf6 26. Qe2 Re6 27. Re3 c5
28. h4 Qd8 29. Nd3 Qe8 30. Rxe6 Qxe6 31. Qf3 Qd6 32. Nf4 g6 33. Qb7 a6 34. Qc8+
Kg7 35. Qxc7+ 1-0

[Event "9 ème open de Salon de Provence - A"]
[Site "Salon de Provence"]
[Date "2017.07.07"]
[Round "2.5"]
[White "Baroyan, Davit"]
[Black "Marazanof, Jean-Francois"]
[Result "1-0"]
[WhiteElo "2049"]
[BlackElo "2002"]
[PlyCount "69"]
[EventDate "2017.??.??"]
[WhiteTeam "Marseille-Echecs"]
[BlackTeam "l'Echiquier de La Ville Montreuil"]

1. d4 Nf6 2. Nf3 g6 3. c4 Bg7 4. Nc3 O-O 5. Bg5 c5 6. e3 Qa5 7. Qd2 d6 8. Be2
Bg4 9. Bxf6 exf6 10. Nd5 Qd8 11. Rd1 Nc6 12. dxc5 dxc5 13. O-O Be6 14. Qc2 Qa5
15. Qb3 Rab8 16. Nd2 Rfd8 17. Ne4 f5 18. Nec3 a6 19. Na4 Bxd5 20. cxd5 Ne5 21.
d6 c4 22. Qc2 b5 23. Nc5 Qb6 24. b4 cxb3 25. axb3 Rbc8 26. Rd5 Rxd6 27. Rfd1
Rdc6 28. b4 a5 29. Qb3 a4 30. Qa2 R6c7 31. f4 Ng4 32. Rd6 Rc6 33. Rd7 Re6 34.
Rb7 Qc6 35. Bxb5 1-0

[Event "9 ème open de Salon de Provence - A"]
[Site "Salon de Provence"]
[Date "2017.07.07"]
[Round "2.6"]
[White "Bregier, Gerard"]
[Black "Kolb, Sebastien"]
[Result "0-1"]
[WhiteElo "1446"]
[BlackElo "2030"]
[PlyCount "58"]
[EventDate "2017.??.??"]
[WhiteTeam "Salon Nostradamus"]
[BlackTeam "Salon Nostradamus"]

1. d4 Nf6 2. Bf4 g6 3. Nc3 d5 4. e3 Bg7 5. h4 a6 6. h5 Nxh5 7. Rxh5 gxh5 8.
Qxh5 Be6 9. Nf3 Nc6 10. Ng5 Kd7 11. Nxf7 Qe8 12. Ne5+ Nxe5 13. Qxe8+ Raxe8 14.
Bxe5 Bxe5 15. dxe5 Kc8 16. Rd1 Rd8 17. f3 c6 18. Na4 Kc7 19. Nc5 Bc8 20. f4 h5
21. Rd4 b6 22. Nb3 h4 23. Rd2 c5 24. Kf2 h3 25. gxh3 Bxh3 26. Bxa6 Ra8 27. Bb5
Rxa2 28. c3 Bf5 29. Nc1 Rh2+ 0-1

[Event "9 ème open de Salon de Provence - A"]
[Site "Salon de Provence"]
[Date "2017.07.07"]
[Round "2.7"]
[White "Benavides, Jeremy"]
[Black "Barbaras, Mathieu"]
[Result "0-1"]
[WhiteElo "1954"]
[BlackElo "2225"]
[PlyCount "88"]
[EventDate "2017.??.??"]
[WhiteTeam "Salon Nostradamus"]
[BlackTeam "Bischwiller"]

1. e4 c5 2. d4 cxd4 3. c3 d3 4. Bxd3 Nc6 5. c4 d6 6. h3 g6 7. Nf3 Bg7 8. Nc3
Nf6 9. O-O O-O 10. Re1 Nd7 11. Bg5 Nde5 12. Bf1 h6 13. Be3 f5 14. Nxe5 dxe5 15.
exf5 gxf5 16. Qb3 f4 17. Bc5 b6 18. Rad1 Qe8 19. Ba3 Kh8 20. Nd5 Rb8 21. Qa4
Bb7 22. b4 f3 23. g3 Qf7 24. Bb2 e6 25. b5 Nd4 26. Bxd4 exd4 27. Nb4 e5 28. Nc6
Rbe8 29. Bd3 Qh5 30. Qxa7 Bxc6 31. bxc6 e4 32. Rxe4 Rxe4 33. Bxe4 Qxh3 34. Bxf3
Rxf3 35. c7 Rf8 36. Qxb6 Qf5 37. Qb2 Qc5 38. Qb5 Qxc7 39. c5 Qf7 40. Rd2 Qe6
41. Qe2 Qd5 42. Qb5 Rc8 43. Rc2 d3 44. Rd2 Rxc5 0-1

[Event "9 ème open de Salon de Provence - A"]
[Site "Salon de Provence"]
[Date "2017.07.07"]
[Round "2.8"]
[White "Bohli, Adam"]
[Black "Madranges, Jean"]
[Result "1-0"]
[WhiteElo "1866"]
[BlackElo "1809"]
[PlyCount "63"]
[EventDate "2017.??.??"]
[WhiteTeam "L'Echiquier du Roy René"]
[BlackTeam "Puy Ste Réparade"]

1. Nf3 f5 2. d4 Nf6 3. Bg5 e6 4. Nc3 Bb4 5. Qd3 b6 6. a3 Ba6 7. Qd2 Be7 8. g3
h6 9. Bxf6 Bxf6 10. Bg2 Bb7 11. Nh4 Bxg2 12. Nxg2 d5 13. Qe3 Qd7 14. Nf4 Kf7
15. Nb1 Nc6 16. c3 Rae8 17. Qf3 g6 18. O-O Na5 19. Nd2 c6 20. b4 Nb7 21. h4 e5
22. dxe5 Rxe5 23. h5 g5 24. Ng6 g4 25. Nxe5+ Bxe5 26. Qe3 Qd6 27. Qd3 Qe6 28.
f3 gxf3 29. Rxf3 Nd6 30. e4 dxe4 31. Nxe4 Nxe4 32. Qxe4 1-0

[Event "9 ème open de Salon de Provence - A"]
[Site "Salon de Provence"]
[Date "2017.07.07"]
[Round "2.9"]
[White "Faure, Alexandre"]
[Black "Hernandez, Lara"]
[Result "1-0"]
[WhiteElo "2027"]
[BlackElo "1919"]
[PlyCount "53"]
[EventDate "2017.??.??"]
[WhiteTeam "Salon Nostradamus"]
[BlackTeam "Echiquier Carcassonnais "]

1. e4 e6 2. d4 d5 3. e5 c5 4. c3 Nc6 5. Be3 Nh6 6. Nf3 Nf5 7. Bd3 Nxe3 8. fxe3
g6 9. O-O Bh6 10. Qe2 O-O 11. Nbd2 Rb8 12. h3 c4 13. Bc2 b5 14. a3 a5 15. Nh2
b4 16. axb4 axb4 17. Ng4 Kg7 18. Qf2 bxc3 19. bxc3 Rb2 20. Ba4 Bd7 21. Bxc6
Bxc6 22. Ra7 Be8 23. Ra8 Qg5 24. Qf6+ Qxf6 25. exf6+ Kh8 26. Nxh6 Rxd2 27.
Nxf7+ 1-0

[Event "9 ème open de Salon de Provence - A"]
[Site "Salon de Provence"]
[Date "2017.07.07"]
[Round "2.10"]
[White "Goy, Wilfried"]
[Black "Piat, Jean-Pascal"]
[Result "1-0"]
[WhiteElo "1930"]
[BlackElo "1729"]
[PlyCount "37"]
[EventDate "2017.??.??"]
[WhiteTeam "Marseille-Echecs"]
[BlackTeam "Cheval Marin d'Istres-Fos"]

1. e4 d5 2. exd5 Qxd5 3. Nc3 Qd6 4. Nf3 a6 5. Bc4 Nf6 6. O-O e6 7. d4 Be7 8.
Bg5 Nbd7 9. Qe2 b5 10. Bd3 Bb7 11. Ne4 Qb6 12. Rad1 O-O 13. Ne5 Nxe5 14. dxe5
Nd5 15. Nf6+ gxf6 16. exf6 Nb4 17. Bxh7+ Kxh7 18. Qh5+ Kg8 19. Qh6 1-0

[Event "9 ème open de Salon de Provence - A"]
[Site "Salon de Provence"]
[Date "2017.07.07"]
[Round "2.11"]
[White "Busson, Benoist"]
[Black "Got, Lionel"]
[Result "0-1"]
[WhiteElo "1898"]
[BlackElo "1717"]
[PlyCount "120"]
[EventDate "2017.??.??"]
[WhiteTeam "Salon Nostradamus"]
[BlackTeam "Club Provence Echecs"]

1. e4 d5 2. exd5 Qxd5 3. Nc3 Qa5 4. Nf3 Nf6 5. b4 Qxb4 6. a4 c6 7. Ba3 Qa5 8.
Bc4 Bg4 9. h3 Bh5 10. Qe2 Nbd7 11. Rb1 Qc7 12. g4 Bg6 13. d4 e6 14. Bxf8 Nxf8
15. O-O N8d7 16. Ne5 Nxe5 17. dxe5 Nd7 18. f4 h6 19. f5 exf5 20. gxf5 Bh7 21.
e6 Qg3+ 22. Qg2 Qxg2+ 23. Kxg2 fxe6 24. Rxb7 Bxf5 25. Re1 Ke7 26. Rd1 Rhd8 27.
Bd3 g6 28. Ne4 Rdb8 29. Rdb1 Kd8 30. h4 a5 31. Kg3 Rxb7 32. Rxb7 Bxe4 33. Bxe4
Nc5 34. Rh7 Nxe4+ 35. Kf4 Nf6 36. Rh8+ Ne8 37. Rxh6 Rb8 38. Rxg6 Rb4+ 39. Kg5
Ke7 40. h5 Rb1 41. Kf4 Kf7 42. Rg5 Rb4+ 43. Kg3 Rxa4 44. h6 Nf6 45. Rg7+ Kf8
46. Rc7 Rc4 47. Ra7 a4 48. Kh3 Kg8 49. Re7 Re4 50. Rc7 Rc4 51. Re7 Nh7 52. Rg7+
Kh8 53. Re7 Ng5+ 54. Kg3 a3 55. Ra7 Ne4+ 56. Kf3 Nd2+ 57. Ke3 Nb1 58. Kd3 Rh4
59. Ra6 Kh7 60. Rxc6 Ra4 0-1

[Event "9 ème open de Salon de Provence - A"]
[Site "Salon de Provence"]
[Date "2017.07.07"]
[Round "2.13"]
[White "Bartolomei, Romain"]
[Black "Canonge, Jerome"]
[Result "0-1"]
[WhiteElo "1720"]
[BlackElo "1845"]
[PlyCount "56"]
[EventDate "2017.??.??"]
[WhiteTeam "Marseille Passion Echecs"]
[BlackTeam "Vergèze Echecs"]

1. e4 d5 2. exd5 Nf6 3. d4 Bg4 4. Be2 Bxe2 5. Nxe2 Qxd5 6. O-O Nc6 7. Nbc3 Qf5
8. Ng3 Qg6 9. Be3 O-O-O 10. Nce2 e5 11. c3 h5 12. Qa4 Nd5 13. Rad1 h4 14. Nh1
Qe4 15. Bc1 Qxe2 16. Rfe1 Qg4 17. f3 Qg6 18. dxe5 Bc5+ 19. Nf2 f5 20. Qc4 Bxf2+
21. Kxf2 Nb6 22. Rxd8+ Nxd8 23. Qf4 Ne6 24. Qb4 Nd5 25. Qa4 h3 26. g3 f4 27. g4
Nc5 28. Qxa7 Qc2+ 0-1

[Event "9 ème open de Salon de Provence - A"]
[Site "Salon de Provence"]
[Date "2017.07.07"]
[Round "2.14"]
[White "Hmamouche, Youssef"]
[Black "Boghossian, Hugo"]
[Result "1/2-1/2"]
[WhiteElo "1823"]
[BlackElo "1588"]
[PlyCount "108"]
[EventDate "2017.??.??"]
[WhiteTeam "L'Echiquier du Roy René"]
[BlackTeam "CE Vitrolles"]

1. d4 Nf6 2. Nf3 d5 3. c4 c6 4. Nc3 Bf5 5. Ne5 Nbd7 6. e3 Nxe5 7. dxe5 Ne4 8.
Nxe4 Bxe4 9. f3 Bf5 10. cxd5 cxd5 11. Qa4+ Bd7 12. Qb3 Bc6 13. Bd3 e6 14. O-O
Bc5 15. Re1 Qa5 16. Qd1 Qc7 17. f4 O-O 18. Bxh7+ Kxh7 19. Qc2+ g6 20. Qxc5 Rfc8
21. Bd2 b6 22. Qa3 Qb7 23. Bb4 d4 24. exd4 Bxg2 25. Qg3 Rc2 26. Rac1 Rac8 27.
Bc3 Rxc1 28. Rxc1 Qf3 29. Re1 Qxg3 30. hxg3 Bd5 31. a3 Kg7 32. Re2 Rh8 33. Rh2
Rxh2 34. Kxh2 a5 35. b4 a4 36. Kh3 b5 37. Kh4 Kh6 38. Bd2 Kg7 39. Kg5 Bf3 40.
g4 Be4 41. Bc3 Bd5 42. f5 gxf5 43. gxf5 exf5 44. Kxf5 Kf8 45. Kf6 Ke8 46. Bd2
Kd7 47. Bh6 Ke8 48. Kg7 Be6 49. Kf6 Bd5 50. Kf5 Ke7 51. Bg5+ Kd7 52. Kf6 Ke8
53. e6 fxe6 54. Ke5 Kd7 1/2-1/2

[Event "9 ème open de Salon de Provence - A"]
[Site "Salon de Provence"]
[Date "2017.07.07"]
[Round "7.1"]
[White "Barbaras, Mathieu"]
[Black "Lamard, Guillaume"]
[Result "0-1"]
[WhiteElo "2225"]
[BlackElo "2365"]
[PlyCount "82"]
[EventDate "2017.??.??"]
[WhiteTeam "Bischwiller"]
[BlackTeam "Cannes Echecs"]

1. g3 d5 2. d4 g6 3. Bg2 Nf6 4. Nf3 Bg7 5. c4 O-O 6. cxd5 Nxd5 7. O-O Nb6 8.
Nc3 Nc6 9. e3 Re8 10. Nh4 a5 11. f4 a4 12. Rf2 Nb4 13. Ne4 Nc4 14. Qf1 Nd6 15.
Bd2 Nxe4 16. Bxe4 Nd5 17. Qg2 Nf6 18. Bf3 Qd7 19. Rc1 c6 20. Rxc6 Ng4 21. Re2
Bxd4 22. Rxc8 Bxe3+ 23. Rxe3 Raxc8 24. Bxg4 Qxg4 25. Bc3 a3 26. Qe2 axb2 27.
Bxb2 Qd7 28. Nf3 Qd5 29. Ne5 Qxa2 30. Rd3 Red8 31. Kf2 Qb1 32. Rxd8+ Rxd8 33.
Bc3 Qb6+ 34. Kg2 Qc5 35. Bd2 b5 36. Be3 Qd5+ 37. Kf2 b4 38. Nf3 Ra8 39. Bd2 b3
40. Qxe7 b2 41. Qb4 Qa2 0-1

[Event "9 ème open de Salon de Provence - A"]
[Site "Salon de Provence"]
[Date "2017.07.07"]
[Round "7.2"]
[White "Jackson, Thomas"]
[Black "Gozzoli, Yannick"]
[Result "0-1"]
[WhiteElo "2007"]
[BlackElo "2587"]
[PlyCount "80"]
[EventDate "2017.??.??"]
[WhiteTeam "Thomas Bourgneuf - Creteil"]
[BlackTeam "Asnières - Le Grand Echiquier"]

1. d4 d5 2. c4 dxc4 3. e3 e5 4. Bxc4 Nc6 5. Ne2 Bd6 6. Nbc3 Nf6 7. O-O O-O 8.
f4 exd4 9. Nxd4 Nxd4 10. Qxd4 Qe7 11. f5 Rd8 12. Qh4 Qe5 13. Nd5 Bxf5 14. Nxf6+
gxf6 15. Bd2 Bg6 16. Bc3 Qxe3+ 17. Kh1 Qg5 18. Bxf6 Qxh4 19. Bxh4 Re8 20. Rae1
Rxe1 21. Rxe1 Kg7 22. Kg1 f6 23. Re2 Rd8 24. Re6 Rf8 25. Re2 Bf7 26. Bxf7 Kxf7
27. Kf2 Be5 28. Kf3 c5 29. g4 Ke6 30. Bg3 c4 31. h4 b5 32. g5 b4 33. gxf6 Rxf6+
34. Kg2 Rf5 35. Be1 a5 36. a3 c3 37. bxc3 b3 38. a4 Kd5 39. Rd2+ Ke4 40. Rd7
Rf8 0-1

[Event "9 ème open de Salon de Provence - A"]
[Site "Salon de Provence"]
[Date "2017.07.07"]
[Round "7.4"]
[White "Petrosyan, Armen"]
[Black "Wurtz, Guillaume"]
[Result "1-0"]
[WhiteElo "2431"]
[BlackElo "2014"]
[PlyCount "85"]
[EventDate "2017.??.??"]
[WhiteTeam "Marseille Passion Echecs"]
[BlackTeam "Bischwiller"]

1. e4 c5 2. Nf3 d6 3. Bb5+ Nd7 4. c3 a6 5. Ba4 b5 6. Bc2 Ngf6 7. d4 e5 8. O-O
Be7 9. Re1 O-O 10. Nbd2 Qc7 11. Nf1 Re8 12. Ng3 Nf8 13. h3 Ne6 14. Be3 Bb7 15.
d5 Nf4 16. Qd2 N6h5 17. Nf5 Bc8 18. g3 Ng6 19. Nh2 Qd8 20. Ng4 Nf6 21. Rad1
Bxf5 22. exf5 Nf8 23. Nxe5 dxe5 24. d6 Rc8 25. dxe7 Qxe7 26. Qd6 a5 27. g4 h6
28. Qxe7 Rxe7 29. Rd6 Rb7 30. Red1 c4 31. Rd8 Rbb8 32. Rxc8 Rxc8 33. Rd6 Rb8
34. Ra6 a4 35. Rd6 N8h7 36. f3 Kf8 37. h4 Ke7 38. Bc5 Ke8 39. Kf2 Nd7 40. Bb4
Nhf6 41. g5 hxg5 42. hxg5 Nh7 43. Be4 1-0

[Event "9 ème open de Salon de Provence - A"]
[Site "Salon de Provence"]
[Date "2017.07.07"]
[Round "7.5"]
[White "Goy, Wilfried"]
[Black "Baroyan, Davit"]
[Result "0-1"]
[WhiteElo "1930"]
[BlackElo "2049"]
[PlyCount "84"]
[EventDate "2017.??.??"]
[WhiteTeam "Marseille-Echecs"]
[BlackTeam "Marseille-Echecs"]

1. e4 c5 2. Nf3 Nc6 3. c4 g6 4. d4 cxd4 5. Nxd4 Bg7 6. Be3 Nf6 7. Nc3 d6 8. Be2
O-O 9. O-O Bd7 10. Nxc6 Bxc6 11. f3 Nd7 12. Qd2 a5 13. Rad1 Nc5 14. Kh1 a4 15.
Nd5 f5 16. exf5 Rxf5 17. Bxc5 Bxd5 18. Bxd6 Qxd6 19. cxd5 Be5 20. g4 Rf4 21. b3
axb3 22. axb3 Rd4 23. Bd3 Kg7 24. Qe2 Rxd5 25. Be4 Rd4 26. Rxd4 Qxd4 27. Rd1
Ra2 28. Rxd4 Rxe2 29. Rd7 Rxh2+ 30. Kg1 Kf6 31. Rxb7 Rd2 32. Rb5 Bf4 33. Kh1 e5
34. Rb7 Rh2+ 35. Kg1 Kg5 36. b4 Rb2 37. b5 h5 38. Rg7 Be3+ 39. Kh1 h4 40. Rxg6+
Kf4 41. Rc6 Kg3 42. Bc2 Ra2 0-1

[Event "9 ème open de Salon de Provence - A"]
[Site "Salon de Provence"]
[Date "2017.07.07"]
[Round "7.6"]
[White "Kolb, Sebastien"]
[Black "Adnan, Habib"]
[Result "0-1"]
[WhiteElo "2030"]
[BlackElo "2003"]
[PlyCount "99"]
[EventDate "2017.??.??"]
[WhiteTeam "Salon Nostradamus"]

1. e4 c5 2. Nf3 e6 3. d4 cxd4 4. Nxd4 Nc6 5. Nc3 Qc7 6. Be2 a6 7. O-O Nf6 8.
Be3 Bb4 9. f3 Bxc3 10. bxc3 d5 11. Nxc6 Qxc6 12. e5 Nd7 13. Bd4 b5 14. f4 Nc5
15. Bxc5 Qxc5+ 16. Qd4 Qc6 17. a4 Rb8 18. axb5 axb5 19. Qb4 Bd7 20. Ra5 Qb6+
21. Kh1 Qd8 22. Bxb5 Rxb5 23. Rxb5 Bxb5 24. Qxb5+ Qd7 25. Qb4 Qe7 26. Ra1 Qxb4
27. cxb4 O-O 28. Rb1 Rb8 29. g3 Kf8 30. Kg2 Rc8 31. Rb2 Ke7 32. Kf2 Rc3 33. Ke2
Kd7 34. Kd2 Rf3 35. c3 Kc6 36. Rc2 Rf1 37. Kd3 Rd1+ 38. Rd2 Rc1 39. Ra2 Rd1+
40. Kc2 Rh1 41. Kb3 Rb1+ 42. Rb2 Rc1 43. Rd2 Rb1+ 44. Kc2 Rh1 45. Kd3 Rc1 46.
Rf2 g6 47. Ra2 Rd1+ 48. Kc2 Rh1 49. Ra6+ Kb7 50. Kb2 0-1

[Event "9 ème open de Salon de Provence - A"]
[Site "Salon de Provence"]
[Date "2017.07.07"]
[Round "7.7"]
[White "Marazanof, Jean-Francois"]
[Black "Bohli, Adam"]
[Result "1/2-1/2"]
[WhiteElo "2002"]
[BlackElo "1866"]
[PlyCount "65"]
[EventDate "2017.??.??"]
[WhiteTeam "l'Echiquier de La Ville Montreuil"]
[BlackTeam "L'Echiquier du Roy René"]

1. e4 c6 2. d4 d5 3. Nd2 dxe4 4. Nxe4 Bf5 5. Ng3 Bg6 6. Nf3 Nd7 7. h4 h6 8. h5
Bh7 9. Bd3 Bxd3 10. Qxd3 Ngf6 11. Bf4 Nd5 12. Bd2 e6 13. O-O-O Qc7 14. c4 N5f6
15. Bc3 Bd6 16. Ne4 Nxe4 17. Qxe4 Nf6 18. Qe2 O-O-O 19. Ne5 Qe7 20. f4 Rhe8 21.
g4 Nd7 22. Qf3 Nxe5 23. dxe5 Bb4 24. Bxb4 Qxb4 25. Qe4 Rxd1+ 26. Rxd1 Rd8 27.
Rxd8+ Kxd8 28. Kc2 Qa4+ 29. Kc3 Qxa2 30. Qd4+ Ke8 31. Qd6 Qa5+ 32. Kc2 Qd8 33.
c5 1/2-1/2

[Event "9 ème open de Salon de Provence - A"]
[Site "Salon de Provence"]
[Date "2017.07.07"]
[Round "7.8"]
[White "Benavides, Jeremy"]
[Black "Canonge, Jerome"]
[Result "0-1"]
[WhiteElo "1954"]
[BlackElo "1845"]
[PlyCount "66"]
[EventDate "2017.??.??"]
[WhiteTeam "Salon Nostradamus"]
[BlackTeam "Vergèze Echecs"]

1. e4 d5 2. exd5 Nf6 3. Nf3 Bg4 4. Be2 Qxd5 5. Nc3 Qf5 6. h3 Qh5 7. d4 Nc6 8.
O-O O-O-O 9. Be3 e5 10. d5 e4 11. hxg4 Nxg4 12. Nh4 Nce5 13. g3 g5 14. Kg2 gxh4
15. Rh1 Nxe3+ 16. fxe3 Qg6 17. Rxh4 Rg8 18. Qe1 f5 19. Qf2 Be7 20. Rh5 Rdf8 21.
Rah1 Ng4 22. Bxg4 fxg4 23. Qe2 Rf3 24. Rxh7 Bd6 25. R7h6 Rxg3+ 26. Kf1 Qf5+ 27.
Ke1 Bc5 28. Nd1 Rf3 29. R1h5 Qf8 30. Re6 Bd6 31. Rxe4 g3 32. Qg2 Rf2 33. Qg1
Qf3 0-1

[Event "9 ème open de Salon de Provence - A"]
[Site "Salon de Provence"]
[Date "2017.07.07"]
[Round "7.9"]
[White "Jackson, Edgar"]
[Black "Madranges, Jean"]
[Result "0-1"]
[WhiteElo "1703"]
[BlackElo "1809"]
[PlyCount "69"]
[EventDate "2017.??.??"]
[WhiteTeam "Echiquier Montois"]
[BlackTeam "Puy Ste Réparade"]

1. d4 Nf6 2. Bg5 e6 3. e4 h6 4. Bxf6 Qxf6 5. c3 d6 6. Bd3 c6 7. Ne2 e5 8. O-O
g5 9. Nd2 Bg4 10. f3 Bh5 11. Ng3 Bg6 12. Nb3 Nd7 13. Qe2 O-O-O 14. a4 h5 15. a5
h4 16. Nf5 Bxf5 17. exf5 Qh6 18. Qf2 Kb8 19. Rfd1 d5 20. Qc2 Bd6 21. Nd2 g4 22.
fxg4 Qe3+ 23. Kh1 e4 24. Nf1 exd3 25. Rxd3 Qf4 26. Rf3 Qxg4 27. Ne3 Qg5 28. h3
Nf6 29. c4 Rde8 30. Qb3 Bf4 31. a6 b6 32. Ra3 Rhg8 33. g4 hxg3 34. Kg2 Bxe3 35.
Qa4 0-1

[Event "9 ème open de Salon de Provence - A"]
[Site "Salon de Provence"]
[Date "2017.07.07"]
[Round "7.10"]
[White "Faure, Alexandre"]
[Black "Grego, Pierre"]
[Result "1-0"]
[WhiteElo "2027"]
[BlackElo "1878"]
[PlyCount "77"]
[EventDate "2017.??.??"]
[WhiteTeam "Salon Nostradamus"]
[BlackTeam "Echiquier Saint Franciscain"]

1. e4 d6 2. d4 Nf6 3. Nc3 Nbd7 4. Nf3 e5 5. Bc4 Be7 6. O-O O-O 7. h3 c6 8. a4
b6 9. Be3 a6 10. Qe2 Bb7 11. Rfd1 Qc7 12. dxe5 dxe5 13. Nh4 b5 14. Ba2 b4 15.
Nf5 Bc5 16. Nb1 Bxe3 17. Qxe3 c5 18. Nd2 Rad8 19. f3 Nb6 20. Nxg7 Kxg7 21. Qg5+
Kh8 22. Qxf6+ Kg8 23. a5 Nc8 24. Nc4 Qe7 25. Qxe7 Nxe7 26. Nxe5 Rxd1+ 27. Rxd1
Nc6 28. Nd7 Rc8 29. Nxc5 Nxa5 30. Nxb7 Nxb7 31. Rd7 Nd8 32. Bb3 Kg7 33. Kf2 a5
34. Ra7 Rc5 35. Rd7 Rc8 36. Ke3 Kf6 37. Ra7 Rc5 38. Rd7 Ne6 39. Rd5 1-0